000 00212 a2200109 4500
020 _a9781935955061
041 _aspa
100 _aJoe Hayes
245 _aEl Coyote debajo de la mesa
942 _cBK
952 _71
999 _c22347
_d22347